Очистка и модификация поверхности нелегированной низкоуглеродистой стали электроискровым методом в газе атмосферного давления: диссертация на соискание ученой степени кандидата технических наук; спец. 05.14.12

Opis bibliograficzny
1. autor: Журавлёв (Журавлев) М. В. Михаил Валерьевич
Korporacja: Национальный исследовательский Томский политехнический университет (ТПУ)
Kolejni autorzy: Ремнёв (Ремнев) Г. Е. Геннадий Ефимович (научный руководитель)
Streszczenie:Защищена 30.12.2015 г.
Język:rosyjski
Wydane: Томск, [Б. и.], 2015
Hasła przedmiotowe:
Format: Książka
KOHA link:https://koha.lib.tpu.ru/cgi-bin/koha/opac-detail.pl?biblionumber=313036

MARC

LEADER 00000nbm0a2200000 4500
001 313036
005 20251205135539.0
035 |a (RuTPU)RU\TPU\book\338419 
035 |a RU\TPU\book\338418 
090 |a 313036 
100 |a 20160112j20151230k y0rusy50 ca 
101 0 |a rus 
102 |a RU 
105 |a a m 001zy 
200 1 |a Очистка и модификация поверхности нелегированной низкоуглеродистой стали электроискровым методом в газе атмосферного давления  |e диссертация на соискание ученой степени кандидата технических наук  |e спец. 05.14.12  |f М. В. Журавлев  |g Национальный исследовательский Томский политехнический университет (ТПУ) ; науч. рук. Г. Е. Ремнев 
210 |a Томск  |c [Б. и.]  |d 2015 
215 |a 104 л.  |c ил. 
300 |a Защищена 30.12.2015 г. 
320 |a Библиогр.: с. 95-101 (105 назв.). 
452 1 |0 (RuTPU)RU\TPU\book\343998  |t Очистка и модификация поверхности нелегированной низкоуглеродистой стали электроискровым методом в газе атмосферного давления  |o диссертация на соискание ученой степени кандидата технических наук  |o спец. 05.14.02  |f М. В. Журавлев  |g Национальный исследовательский Томский политехнический университет (ТПУ) ; науч. рук. Г. Е. Ремнев  |c Томск  |n [Б. и.]  |d 2015  |a Журавлев, Михаил Валерьевич 
606 1 |a Электроискровая обработка металлов  |x Физические основы  |2 stltpush  |3 (RuTPU)RU\TPU\subj\20099  |9 45238 
610 1 |a металлы 
610 1 |a металлические поверхности 
610 1 |a очистка 
610 1 |a традиционные методы 
610 1 |a очистка 
610 1 |a электроэрозионная обработка 
610 1 |a генераторы 
610 1 |a характеристика 
610 1 |a сталь 
610 1 |a стальные поверхности 
610 1 |a модификация 
610 1 |a стальной прокат 
610 1 |a образцы 
610 1 |a окалина 
610 1 |a диссертации 
610 1 |a труды учёных ТПУ 
675 |a 621.7.048.4(04)  |v 3 
686 |a 05.14.12  |2 oksvnk 
700 1 |a Журавлёв (Журавлев)  |b М. В.  |c физик  |c научный сотрудник Томского политехнического университета, кандидат технических наук  |f 1986-  |g Михаил Валерьевич  |y Томск  |3 (RuTPU)RU\TPU\pers\29441  |9 13994 
702 1 |a Ремнёв (Ремнев)  |b Г. Е.  |c физик  |c профессор Томского политехнического университета, доктор технических наук  |f 1948-  |g Геннадий Ефимович  |3 (RuTPU)RU\TPU\pers\22004  |4 727  |9 9301 
712 0 2 |a Национальный исследовательский Томский политехнический университет (ТПУ)  |c (2009- )  |3 (RuTPU)RU\TPU\col\15902 
801 1 |a RU  |b 63413507  |c 20160112 
801 2 |a RU  |b 63413507  |c 20160427  |g RCR 
942 |c BK